000
00335nam a2200133Ia 4500
008
240624s9999 xx 000 0 und d
041
_a
eng
082
_a
658.312 ELL
100
_a
ELLIOTT GLENN
245
_a
BUILD IT THE REBEL PLAYBOOK FOR WORLD CL
260
_c
2018
_a
London
_b
Wiley
300
_a
x, 259 p,: 23 cm.
365
_c
_b
35
999
_c
31542
_d
31542